000 00645nam a2200217 a 4500
005 20140310183405.0
008 121013s19uu xx 00 eng d
020 _a9780415476331
050 _aQH 332
_b.Ar74 2012
100 _aHolland, Stephen
245 _aArguing about bioethics /
_cedited by Stephen Holland.
260 _aAbingdon, Oxon ; New York :
_bRoutledge,
_c2012
300 _axvi, 602 p. :
_bill. ;
_c27 cm.
440 _aArguing about philosophy
500 _aIncludes bibliographical references and index
521 _aNUR
650 _aBioethics
650 _aMedical ethics
942 _cBK
_2lcc
_kFOR
999 _c22398
_d22398